LIBRARY & INFORMATION CENTRE, KCAET, TAVANUR

ONLINE PUBLIC ACCESS CATALOGUE (OPAC)

Rakshithakkanmarku Oru Pusthakam / (Record no. 12631)

MARC details
000 -LEADER
fixed length control field 00283cam a2200109ua 4500
082 ## - DEWEY DECIMAL CLASSIFICATION NUMBER
Classification number 894.812301
Item number MAK/RA
100 ## - MAIN ENTRY--AUTHOR NAME
Personal name Makarenko, A S .
245 ## - TITLE STATEMENT
Title Rakshithakkanmarku Oru Pusthakam /
260 ## - PUBLICATION, DISTRIBUTION, ETC. (IMPRINT)
Place of publication Eranakulam :
Name of publisher Prabhath Book House ,
Year of publication 1.
300 ## - PHYSICAL DESCRIPTION
Number of Pages 422 ; .
942 ## - ADDED ENTRY ELEMENTS (KOHA)
Koha item type Books
Holdings
Withdrawn status Lost status Damaged status Home library Current library Date acquired Full call number Accession Number Koha item type
Withdrawn     KAUAET Malayalam University 07/04/2012 894.812301 10251 Books
free website counter